[Event "Cusco zt 2.4"]
[Site "Cusco"]
[Date "2025.02.01"]
[Round "8"]
[White "Fernandez Monteza, Fabian Arturo"]
[Black "Reyes Zavaleta, Sergio Gabriel"]
[Result "1-0"]
[WhiteElo "1864"]
[BlackElo "1654"]
[PlyCount "145"]
[EventDate "2025.01.28"]
[EventType "swiss"]
[EventRounds "9"]
[EventCountry "PER"]
[SourceTitle "CB06_2025"]
[SourceDate "2025.02.05"]
[SourceVersion "1"]
[SourceVersionDate "2025.02.05"]
[SourceQuality "1"]

1. d4 d5 2. c4 dxc4 3. Nf3 c5 4. e3 e6 5. Bxc4 a6 6. 0-0 Nf6 7. a3 b5 8. Be2 Bb7 9. dxc5 Qxd1 10. Rxd1 Bxc5 11. b4 Be7 12. Bb2 0-0 13. Nbd2 Nc6 14. Nb3 Rad8 15. Nfd4 Nxd4 16. Bxd4 Be4 17. Bc5 Rde8 18. Bxe7 Rxe7 19. Nc5 Ra7 20. f3 Bb7 21. e4 Rfa8 22. a4 Bc6 23. Rd6 Be8 24. a5 Nd7 25. Nxd7 Rxd7 26. Rxd7 Bxd7 27. Rd1 Ra7 28. e5 Kf8 29. Rd6 Ke7 30. Kf2 Bc8 31. Rc6 Bd7 32. Rc5 Kd8 33. Bd3 Ke7 34. f4 h6 35. h4 Kd8 36. g4 g6 37. f5 exf5 38. gxf5 gxf5 39. Kf3 Be6 40. Rc1 Rd7 41. Be2 Ke7 42. Rd1 Rc7 43. Rd6 Rc3+ 44. Kf2 Rc2 45. Ke1 Bc8 46. Rxh6 Be6 47. Rh8 Rb2 48. Ra8 Rxb4 49. h5 Rh4 50. Rxa6 b4 51. Rb6 b3 52. a6 Bd5 53. Kd2 f4 54. Rb5 b2 55. Kc2 f3 56. Bf1 Rh2+ 57. Kc3 Rh1 58. Bd3 f2 59. Kxb2 Be4 60. Rb7+ Ke6 61. Bc4+ Kxe5 62. Re7+ Kd6 63. Rxe4 Rxh5 64. Rf4 Kc5 65. Kc3 Rh2 66. Rxf7 Kb6 67. Bf1 Rh8 68. Rxf2 Rh7 69. Rf6+ Ka7 70. Kb4 Re7 71. Bc4 Rc7 72. Kb5 Re7 73. Rf7 1-0

[Event "Cusco zt 2.4"]
[Site "Cusco"]
[Date "2025.02.01"]
[Round "7"]
[White "Reyes Zavaleta, Sergio Gabriel"]
[Black "Cabrera Huaman, Rodolfo"]
[Result "1/2-1/2"]
[WhiteElo "1654"]
[BlackElo "1876"]
[PlyCount "149"]
[EventDate "2025.01.28"]
[EventType "swiss"]
[EventRounds "9"]
[EventCountry "PER"]
[SourceTitle "CB06_2025"]
[SourceDate "2025.02.05"]
[SourceVersion "1"]
[SourceVersionDate "2025.02.05"]
[SourceQuality "1"]

1. d4 Nf6 2. Nf3 g6 3. Bf4 c5 4. c3 Bg7 5. e3 Nh5 6. Be5 f6 7. Bg3 Nxg3 8. hxg3 cxd4 9. exd4 d5 10. Bd3 Bg4 11. Nbd2 e5 12. Be2 e4 13. Nh2 Be6 14. Nhf1 Nc6 15. Ne3 Qc7 16. Nb3 f5 17. Nc5 Bf7 18. Bb5 0-0 19. Bxc6 bxc6 20. Qe2 a5 21. a3 f4 22. gxf4 Qxf4 23. g3 Qd6 24. Qg4 Rae8 25. Qh3 h6 26. Qd7 Rd8 27. Qxd6 Rxd6 28. Nb7 Rf6 29. Nxa5 Be6 30. Rh2 Rb8 31. b4 Bd7 32. Nb3 Rbf8 33. Nc5 Bc8 34. a4 h5 35. a5 R8f7 36. a6 Ra7 37. b5 cxb5 38. Nxd5 Rff7 39. Nb4 Rfc7 40. Ra5 Rxc5 41. dxc5 Bxc3+ 42. Kd1 Bg4+ 43. Kc2 Bxb4 44. Rxb5 Bxc5 45. Rxc5 Rxa6 46. Kd2 Ra3 47. Rc3 Ra1 48. Ke3 Bf5 49. Kf4 Ra7 50. Kg5 Kf7 51. Rh4 Rd7 52. Rf4 Ke6 53. Rc6+ Rd6 54. Rc4 Ke5 55. Rc7 Kd4 56. Re7 Kd3 57. Re5 Rd8 58. Ra5 Ke2 59. Ra2+ Rd2 60. Ra3 Rd3 61. Ra5 Rd8 62. Re5 Kd3 63. Re7 Rd5 64. Ra7 Ke2 65. Ra3 Bg4+ 66. Kxg6 Bf3 67. Ra2+ Rd2 68. Rxd2+ Kxd2 69. Rxe4 Bxe4+ 70. Kxh5 Bf3+ 71. Kh6 Ke2 72. g4 Kxf2 73. g5 Be4 74. g6 Bxg6 75. Kxg6 1/2-1/2

[Event "Cusco zt 2.4"]
[Site "Cusco"]
[Date "2025.01.30"]
[Round "5"]
[White "Reyes Zavaleta, Sergio Gabriel"]
[Black "Bedoya Rosales, Luis"]
[Result "0-1"]
[WhiteElo "1654"]
[BlackElo "1874"]
[PlyCount "85"]
[EventDate "2025.01.28"]
[EventType "swiss"]
[EventRounds "9"]
[EventCountry "PER"]
[SourceTitle "CB06_2025"]
[SourceDate "2025.02.05"]
[SourceVersion "1"]
[SourceVersionDate "2025.02.05"]
[SourceQuality "1"]

1. d4 Nf6 2. Nf3 g6 3. Bf4 Bg7 4. e3 0-0 5. Nbd2 d6 6. h3 Nc6 7. c3 Nd7 8. Be2 e5 9. Bh2 f5 10. 0-0 Qe7 11. Rc1 Kh8 12. b4 g5 13. Ne1 a5 14. a3 axb4 15. axb4 Nb6 16. Nc2 Nd5 17. Na1 Rxa1 18. Rxa1 Nxc3 19. Qe1 Nxb4 20. Nb1 Nxe2+ 21. Qxe2 exd4 22. Ra4 Nd5 23. Qd3 Nc3 24. Rb4 Nxb1 25. Rbxb1 f4 26. e4 c5 27. f3 Be5 28. Rfc1 Be6 29. Qb5 Rb8 30. Qb6 c4 31. Qb4 b5 32. Kh1 Qc7 33. Bg1 d3 34. Rd1 Kg7 35. Rbc1 Qb7 36. Qa5 Ra8 37. Qb4 Ra4 38. Qb1 Kf6 39. Bf2 Qa6 40. Be1 Ra3 41. Qb4 Rb3 42. Qd2 Rb2 43. Qa5 0-1

[Event "South America-ch 2nd"]
[Site "Coliseo Miguel Grau"]
[Date "2024.08.02"]
[Round "8"]
[White "Reyes Zavaleta, Sergio Gabriel"]
[Black "Vasquez Torre, Luis Eduardo"]
[Result "1-0"]
[WhiteElo "1553"]
[BlackElo "1451"]
[PlyCount "51"]
[EventDate "2024.07.29"]
[EventType "swiss"]
[EventRounds "9"]
[EventCountry "PER"]
[SourceTitle "EXT 2025"]
[Source "ChessBase"]
[SourceDate "2024.10.14"]
[SourceVersion "1"]
[SourceVersionDate "2024.10.14"]
[SourceQuality "1"]

1. d4 d5 2. Nf3 Nf6 3. Bf4 e6 4. e3 Bd6 5. Bg3 b6 6. Be2 0-0 7. Nbd2 Ba6 8. c3 Bxe2 9. Qxe2 a5 10. e4 dxe4 11. Nxe4 Nxe4 12. Qxe4 Nd7 13. 0-0 Bxg3 14. hxg3 Nf6 15. Qh4 Nd5 16. Qe4 Nf6 17. Qe2 Qd5 18. Rfd1 Qh5 19. Qc4 Rfc8 20. Re1 Ng4 21. a3 c5 22. Qb5 cxd4 23. Qxh5 Nf6 24. Qe5 d3 25. Red1 Rc5 26. Qe3 1-0

[Event "American Continental Rapid 18th"]
[Site "Medellin"]
[Date "2024.06.01"]
[Round "1"]
[White "Reyes Zavaleta, Sergio Gabriel"]
[Black "Martinez, Walter"]
[Result "1-0"]
[WhiteElo "1594"]
[BlackElo "1956"]
[PlyCount "63"]
[EventDate "2024.06.01"]
[EventType "swiss (rapid)"]
[EventRounds "9"]
[EventCountry "COL"]
[SourceTitle "CBM 220 Extra"]
[Source "ChessBase"]
[SourceDate "2024.07.31"]
[SourceVersion "1"]
[SourceVersionDate "2024.07.31"]
[SourceQuality "1"]

1. d4 Nf6 2. Nf3 c6 3. Bf4 d5 4. e3 Bf5 5. c4 Qb6 6. Qb3 Nbd7 7. Nc3 h6 8. h3 e6 9. c5 Qxb3 10. axb3 Ne4 11. Na4 Be7 12. b4 0-0 13. Nc3 Ndf6 14. Be2 b6 15. Ne5 Rfc8 16. 0-0 Nd2 17. Rfe1 Nfe4 18. Ba6 Rc7 19. Nxf7 Kxf7 20. Bxc7 b5 21. Bb7 Rf8 22. Rxa7 Kg8 23. Bxc6 Bxh3 24. f3 Bxg2 25. Kxg2 Nxf3 26. Nxe4 Nxe1+ 27. Kh1 dxe4 28. Bxe4 Bg5 29. Bd6 Rf1+ 30. Kh2 Bxe3 31. Ra8+ Kf7 32. Rf8# 1-0

[Event "American Continental Rapid 18th"]
[Site "Medellin"]
[Date "2024.06.01"]
[Round "7"]
[White "Reyes Zavaleta, Sergio Gabriel"]
[Black "Valencia Quinchia, Isabella"]
[Result "0-1"]
[WhiteElo "1594"]
[BlackElo "1840"]
[PlyCount "146"]
[EventDate "2024.06.01"]
[EventType "swiss (rapid)"]
[EventRounds "9"]
[EventCountry "COL"]
[SourceTitle "CBM 220 Extra"]
[Source "ChessBase"]
[SourceDate "2024.07.31"]
[SourceVersion "1"]
[SourceVersionDate "2024.07.31"]
[SourceQuality "1"]

1. d4 Nf6 2. Nf3 g6 3. Bf4 Bg7 4. e3 0-0 5. c4 d6 6. Nc3 c5 7. Be2 b6 8. 0-0 Bb7 9. a3 Nbd7 10. h3 Re8 11. b4 e5 12. dxe5 dxe5 13. Bg5 h6 14. Bxf6 Nxf6 15. Rc1 cxb4 16. axb4 Qe7 17. Qb3 Rad8 18. Rfd1 Rxd1+ 19. Rxd1 Bf8 20. Na2 Ne4 21. Qa4 Bc8 22. Qc2 Ng5 23. Nxg5 Qxg5 24. Kh1 Qh4 25. Bf1 Bb7 26. Kg1 Bc8 27. g3 Qh5 28. h4 Bg4 29. Rd2 g5 30. hxg5 hxg5 31. Bg2 Re6 32. Qe4 Rh6 33. Rd8 Rd6 34. Rxd6 Bxd6 35. Qa8+ Kg7 36. Qxa7 Qg6 37. e4 Bf8 38. f3 Be6 39. Qc7 Qf6 40. Qc6 Qd8 41. Qb5 Qd4+ 42. Kh2 Bxc4 43. Qa4 Qf2 44. Nc1 Bf1 45. Qa2 Qxa2 46. Nxa2 Bc4 47. Nc3 Bxb4 48. Nd5 Bc5 49. Kh3 b5 50. Kg4 f6 51. Kf5 b4 52. Nxb4 Bxb4 53. f4 Bb5 54. fxe5 fxe5 55. Kxe5 Kg6 56. Bf3 Be1 57. g4 Bg3+ 58. Kd5 Kf6 59. Bd1 Ba6 60. Bf3 Bb7+ 61. Kd4 Bf2+ 62. Kd3 Ke5 63. Ke2 Bd4 64. Kd3 Ba6+ 65. Kd2 Kf4 66. Bg2 Kxg4 67. Ke1 Kf4 68. Kd2 g4 69. Kc2 Ke3 70. Kb3 Kf2 71. Bh1 Kg1 72. e5 Kxh1 73. e6 Bf6 0-1

[Event "American Continental Rapid 18th"]
[Site "Medellin"]
[Date "2024.06.01"]
[Round "8"]
[White "Zapata, Olga Maria"]
[Black "Reyes Zavaleta, Sergio Gabriel"]
[Result "0-1"]
[WhiteElo "1729"]
[BlackElo "1594"]
[PlyCount "74"]
[EventDate "2024.06.01"]
[EventType "swiss (rapid)"]
[EventRounds "9"]
[EventCountry "COL"]
[SourceTitle "CBM 220 Extra"]
[Source "ChessBase"]
[SourceDate "2024.07.31"]
[SourceVersion "1"]
[SourceVersionDate "2024.07.31"]
[SourceQuality "1"]

1. d4 d5 2. c4 dxc4 3. Nc3 c5 4. d5 e6 5. e4 Nf6 6. Bxc4 exd5 7. exd5 Bd6 8. Nf3 0-0 9. 0-0 a6 10. a4 Nbd7 11. Bg5 Ne5 12. Nxe5 Bxe5 13. Qf3 Bxh2+ 14. Kh1 Be5 15. Rfe1 Bxc3 16. Qxc3 h6 17. Bxf6 Qxf6 18. Qxf6 gxf6 19. Re7 Rb8 20. Rd1 b5 21. axb5 axb5 22. Be2 Bf5 23. d6 c4 24. d7 Be6 25. Rd4 f5 26. f4 Kg7 27. d8Q Rbxd8 28. Rxd8 Rxd8 29. Rb7 Rd2 30. Bh5 Rxb2 31. Kh2 Rxg2+ 32. Kh3 Rb2 33. Kg3 c3 34. Rc7 c2 35. Be2 b4 36. Kf3 Rb3+ 37. Kf2 Rc3 0-1

[Event "American Continental Blitz 18th"]
[Site "Medellin"]
[Date "2024.05.29"]
[Round "6"]
[White "Reyes Zavaleta, Sergio Gabriel"]
[Black "Ospina, Weimar Andres"]
[Result "0-1"]
[WhiteElo "1651"]
[BlackElo "2063"]
[PlyCount "38"]
[EventDate "2024.05.29"]
[EventType "swiss (blitz)"]
[EventRounds "9"]
[EventCountry "COL"]
[SourceTitle "CBM 220 Extra"]
[Source "ChessBase"]
[SourceDate "2024.07.31"]
[SourceVersion "1"]
[SourceVersionDate "2024.07.31"]
[SourceQuality "1"]

1. d4 Nf6 2. Nf3 g6 3. Bf4 Bg7 4. e3 0-0 5. c4 d6 6. Nc3 Nbd7 7. Be2 c6 8. 0-0 Re8 9. a3 a5 10. Bg3 Nh5 11. b4 Nxg3 12. hxg3 Qc7 13. b5 e5 14. d5 Nc5 15. Rc1 Bd7 16. e4 h6 17. a4 cxb5 18. Nxb5 Bxb5 19. cxb5 b6 0-1

[Event "American Continental 18th"]
[Site "Medellin"]
[Date "2024.05.26"]
[Round "4"]
[White "Reyes Zavaleta, Sergio Gabriel"]
[Black "Orostegui Cardona, David Eduardo"]
[Result "0-1"]
[WhiteElo "1651"]
[BlackElo "1822"]
[PlyCount "62"]
[EventDate "2024.05.24"]
[EventType "swiss"]
[EventRounds "11"]
[EventCountry "COL"]
[SourceTitle "CBM 220 Extra"]
[Source "ChessBase"]
[SourceDate "2024.07.31"]
[SourceVersion "1"]
[SourceVersionDate "2024.07.31"]
[SourceQuality "1"]

1. d4 d5 2. Nf3 Nf6 3. Bf4 c5 4. c3 Qb6 5. Qc1 Bf5 6. e3 e6 7. Be2 Nc6 8. Ne5 Nxe5 9. Bxe5 Nd7 10. Bg3 h5 11. h3 h4 12. Bh2 Bd6 13. Bxd6 Qxd6 14. Nd2 f6 15. Nf3 Kf7 16. Qd2 c4 17. Nh2 g5 18. Bf3 Bg6 19. Be2 b5 20. f4 gxf4 21. exf4 Be4 22. Bf3 f5 23. Bxe4 dxe4 24. a3 Nf6 25. 0-0-0 a5 26. Rde1 Nd5 27. Rhf1 b4 28. Kc2 bxc3 29. bxc3 Qxa3 30. Rb1 Rab8 31. Rfc1 Qa4+ 0-1

[Event "American Continental 18th"]
[Site "Medellin"]
[Date "2024.05.24"]
[Round "1"]
[White "Montoya Echeverri, Sebastian"]
[Black "Reyes Zavaleta, Sergio Gabriel"]
[Result "1-0"]
[WhiteElo "2018"]
[BlackElo "1651"]
[PlyCount "77"]
[EventDate "2024.05.24"]
[EventType "swiss"]
[EventRounds "11"]
[EventCountry "COL"]
[SourceTitle "CBM 220 Extra"]
[Source "ChessBase"]
[SourceDate "2024.07.31"]
[SourceVersion "1"]
[SourceVersionDate "2024.07.31"]
[SourceQuality "1"]

1. e4 e6 2. d4 d5 3. Nc3 Nf6 4. e5 Nfd7 5. f4 Bb4 6. Qg4 g6 7. a3 Bxc3+ 8. bxc3 c5 9. a4 Nc6 10. Nf3 Qa5 11. Bd2 Qb6 12. Bb5 cxd4 13. Bxc6 bxc6 14. cxd4 Ba6 15. Kf2 c5 16. Rhb1 Qc7 17. c3 Nb6 18. Qg5 Nd7 19. Qh6 Nb6 20. Qg7 0-0-0 21. Ng5 Rdf8 22. Qh6 Nc4 23. Be1 Re8 24. Kg1 Ne3 25. Qg7 Ref8 26. Bf2 Rhg8 27. Qh6 Nf5 28. Qh3 h5 29. dxc5 Rh8 30. c6 Ne7 31. Bc5 Kd8 32. Bd6 Qxc6 33. Qe3 Qd7 34. Rb8+ Bc8 35. Rab1 Nc6 36. R1b7 Qe8 37. Rxc8+ Kxc8 38. Rc7+ Kd8 39. Qc5 1-0

[Event "Pan American-ch U20"]
[Site "Vila Santa Cecilia"]
[Date "2023.11.08"]
[Round "4.16"]
[White "Seccafim, Caic Dos Santos"]
[Black "Reyes Zavaleta, Sergio Gabriel"]
[Result "1-0"]
[WhiteElo "2062"]
[BlackElo "1287"]
[PlyCount "48"]
[EventDate "2023.11.06"]
[EventType "swiss"]
[EventRounds "9"]
[EventCountry "BRA"]
[SourceTitle "CBM 217 Extra"]
[Source "ChessBase"]
[SourceDate "2024.01.31"]
[SourceVersion "1"]
[SourceVersionDate "2024.01.31"]
[SourceQuality "1"]

1. Nf3 e6 2. b3 c5 3. Bb2 Nf6 4. e3 d5 5. d4 Nc6 6. a3 Be7 7. Bd3 b6 8. Nbd2 Bb7 9. 0-0 cxd4 10. exd4 Bd6 11. Ne5 Bxe5 12. dxe5 Nd7 13. Re1 Ne7 14. Qg4 g6 15. Nf3 h5 16. Qg3 Nc5 17. Bb5+ Bc6 18. Nd4 Bxb5 19. Nxb5 Nf5 20. Qf4 g5 21. Qf3 Nh4 22. Qd1 Nf5 23. Nd6+ Nxd6 24. exd6 Qxd6 1-0

[Event "Pan American-ch School U13 12th"]
[Site "Callao"]
[Date "2023.10.17"]
[Round "3"]
[White "Valdivia Rojas, Hugo Ismael"]
[Black "Reyes Zavaleta, Sergio Gabriel"]
[Result "1-0"]
[WhiteElo "1190"]
[BlackElo "1342"]
[PlyCount "56"]
[EventDate "2023.10.16"]
[EventType "swiss"]
[EventRounds "9"]
[EventCountry "PER"]
[SourceTitle "CBM 217 Extra"]
[Source "ChessBase"]
[SourceDate "2024.01.31"]
[SourceVersion "1"]
[SourceVersionDate "2024.01.31"]
[SourceQuality "1"]

1. d4 d5 2. c4 dxc4 3. e4 a6 4. Bxc4 b5 5. Bd3 e6 6. Nf3 Bb7 7. 0-0 Nf6 8. Re1 Be7 9. b3 h6 10. Bb2 c6 11. Nbd2 Bb4 12. Rc1 g5 13. h3 Rg8 14. a3 Bxd2 15. Qxd2 g4 16. hxg4 Nxg4 17. Qf4 Qf6 18. Qxf6 Nxf6 19. d5 Nfd7 20. dxe6 fxe6 21. Red1 c5 22. Ne5 Nxe5 23. Bxe5 Nd7 24. Bd6 Rc8 25. f3 Rc6 26. e5 Rg5 27. Be4 Rb6 28. Bxc5 Nxe5 1-0

[Event "South America-ch"]
[Site "Lima"]
[Date "2023.09.19"]
[Round "6"]
[White "Reyes Zavaleta, Sergio Gabriel"]
[Black "Marcelo Poma, Jaden Eduardo"]
[Result "0-1"]
[WhiteElo "1350"]
[BlackElo "1161"]
[PlyCount "66"]
[EventDate "2023.09.14"]
[EventType "swiss"]
[EventRounds "9"]
[EventCountry "PER"]
[SourceTitle "CBM 216 Extra"]
[Source "ChessBase"]
[SourceDate "2023.11.30"]
[SourceVersion "1"]
[SourceVersionDate "2023.11.30"]
[SourceQuality "1"]

1. d4 Nf6 2. Bg5 e6 3. c4 d5 4. Nc3 Be7 5. e3 0-0 6. Nf3 h6 7. Bxf6 Bxf6 8. h4 b6 9. g4 Bb7 10. cxd5 exd5 11. Bd3 Re8 12. g5 hxg5 13. hxg5 Bxg5 14. Ne5 Bh6 15. Qh5 Qf6 16. Rh3 Re7 17. Qf5 Qxf5 18. Bxf5 c5 19. 0-0-0 cxd4 20. Rxd4 Rxe5 21. Bc2 Nd7 22. f4 Re7 23. Nxd5 Bxd5 24. Rxd5 Nf6 25. Rd6 Re6 26. Rd1 Rae8 27. Rg1 Kf8 28. Kd2 Nd5 29. Bb3 Rxe3 30. Rxh6 Re2+ 31. Kd1 gxh6 32. Bxd5 Rxb2 33. Bb3 Rb1+ 0-1

[Event "South America-ch"]
[Site "Lima"]
[Date "2023.09.17"]
[Round "4"]
[White "Reyes Zavaleta, Sergio Gabriel"]
[Black "Gomez Bolivar, Angelo Valentino"]
[Result "1-0"]
[WhiteElo "1350"]
[BlackElo "1064"]
[PlyCount "55"]
[EventDate "2023.09.14"]
[EventType "swiss"]
[EventRounds "9"]
[EventCountry "PER"]
[SourceTitle "CBM 216 Extra"]
[Source "ChessBase"]
[SourceDate "2023.11.30"]
[SourceVersion "1"]
[SourceVersionDate "2023.11.30"]
[SourceQuality "1"]

1. d4 d5 2. Nf3 Nf6 3. Bg5 e6 4. e3 c5 5. c4 Nc6 6. Nc3 cxd4 7. exd4 Bb4 8. cxd5 exd5 9. Bd3 0-0 10. 0-0 Qd6 11. Bxf6 Qxf6 12. Nxd5 Qd6 13. Ne3 Kh8 14. a3 Ba5 15. Nf5 Bxf5 16. Bxf5 Rfe8 17. Ng5 Qf6 18. Qh5 Kg8 19. Qxh7+ Kf8 20. Qh5 Kg8 21. Qh7+ Kf8 22. Ne4 Qxd4 23. b4 Bb6 24. Rae1 g6 25. Ng5 Qg7 26. Bxg6 Qxg6 27. Qh8+ Qg8 28. Nh7# 1-0

[Event "PER-ch"]
[Site "Lima"]
[Date "2023.09.03"]
[Round "9"]
[White "Villafuerte Mamani, Khalid Stephano"]
[Black "Reyes Zavaleta, Sergio Gabriel"]
[Result "1-0"]
[WhiteElo "1637"]
[BlackElo "1306"]
[PlyCount "73"]
[EventDate "2023.08.29"]
[EventType "swiss"]
[EventRounds "9"]
[EventCountry "PER"]
[SourceTitle "CBM 216 Extra"]
[Source "ChessBase"]
[SourceDate "2023.11.30"]
[SourceVersion "1"]
[SourceVersionDate "2023.11.30"]
[SourceQuality "1"]

1. e4 e6 2. d3 d5 3. Nd2 Nf6 4. Ngf3 c5 5. g3 Nc6 6. Bg2 Be7 7. 0-0 b6 8. e5 Nd7 9. Re1 Bb7 10. h4 Qc7 11. Qe2 Nb4 12. Nf1 c4 13. d4 Ba6 14. c3 Nd3 15. Rd1 b5 16. a3 Nb6 17. Ne1 Nxe1 18. Rxe1 0-0-0 19. Qg4 g6 20. Bh6 Bf8 21. Bg5 Be7 22. Ne3 h5 23. Qf4 Bxg5 24. Qxg5 Bb7 25. Bf3 Na4 26. Bd1 Nxb2 27. Bc2 Na4 28. Bxa4 bxa4 29. Rab1 Qa5 30. Rb4 Rd7 31. Reb1 Qd8 32. Qf4 Qa5 33. Qf3 Rc7 34. Nxc4 dxc4 35. Rxb7 Rd8 36. Rb8+ Kd7 37. Qxf7+ 1-0

[Event "PER-ch"]
[Site "Lima"]
[Date "2023.09.02"]
[Round "6"]
[White "Reyes Zavaleta, Sergio Gabriel"]
[Black "Nunez Villazana, Norbil Marco"]
[Result "0-1"]
[WhiteElo "1306"]
[BlackElo "1902"]
[PlyCount "48"]
[EventDate "2023.08.29"]
[EventType "swiss"]
[EventRounds "9"]
[EventCountry "PER"]
[SourceTitle "CBM 216 Extra"]
[Source "ChessBase"]
[SourceDate "2023.11.30"]
[SourceVersion "1"]
[SourceVersionDate "2023.11.30"]
[SourceQuality "1"]

1. d4 d5 2. Nf3 Nf6 3. Bg5 Ne4 4. Bf4 f6 5. e3 g5 6. Bg3 h5 7. h4 Nxg3 8. fxg3 g4 9. Nfd2 Qd6 10. Qe2 Qxg3+ 11. Qf2 Qxf2+ 12. Kxf2 Bh6 13. c4 c6 14. Nc3 e6 15. cxd5 exd5 16. Bd3 f5 17. Nf1 0-0 18. g3 Nd7 19. Re1 Nf6 20. Ke2 Bd7 21. Kd1 Rae8 22. Rh2 b5 23. a3 a5 24. Rf2 Ne4 0-1

[Event "PER-ch"]
[Site "Lima"]
[Date "2023.08.29"]
[Round "1"]
[White "Reyes Zavaleta, Sergio Gabriel"]
[Black "Puma Lezama, Freddy Gabriel"]
[Result "1-0"]
[WhiteElo "1306"]
[BlackElo "1027"]
[PlyCount "37"]
[EventDate "2023.08.29"]
[EventType "swiss"]
[EventRounds "9"]
[EventCountry "PER"]
[SourceTitle "CBM 216 Extra"]
[Source "ChessBase"]
[SourceDate "2023.11.30"]
[SourceVersion "1"]
[SourceVersionDate "2023.11.30"]
[SourceQuality "1"]

1. d4 Nf6 2. Bg5 h6 3. Bxf6 exf6 4. Nf3 d6 5. e3 Be6 6. c4 d5 7. Nc3 Bb4 8. a3 Bxc3+ 9. bxc3 dxc4 10. Qa4+ Nc6 11. Bxc4 Bxc4 12. Qxc4 0-0 13. 0-0 Qd6 14. Qe2 Rad8 15. Rfb1 b6 16. c4 Ra8 17. Qc2 Qe7 18. Qa4 Na5 19. c5 1-0

[Event "South America-ch U10 17th"]
[Site "Guayaquil"]
[Date "2022.01.29"]
[Round "8"]
[White "Reyes Zavaleta, Sergio Gabriel"]
[Black "Krishan Rani, Tanish Aditya"]
[Result "0-1"]
[WhiteElo "1035"]
[BlackElo "1144"]
[PlyCount "70"]
[EventDate "2022.01.25"]
[EventType "swiss"]
[EventRounds "9"]
[EventCountry "ECU"]
[SourceTitle "CBM 206 Extra"]
[Source "ChessBase"]
[SourceDate "2022.03.31"]
[SourceVersion "1"]
[SourceVersionDate "2022.03.31"]
[SourceQuality "1"]

1. d4 Nf6 2. Nf3 d5 3. Bf4 Nc6 4. e3 Bg4 5. Be2 e6 6. 0-0 Bd6 7. Bxd6 cxd6 8. h3 Bh5 9. Nbd2 0-0 10. c3 Re8 11. b4 a6 12. a4 e5 13. Nb3 b6 14. Re1 Ne4 15. Nfd2 Nxc3 16. Qc2 Nxe2+ 17. Rxe2 Bxe2 18. Qxc6 Rc8 19. Qxd5 Bh5 20. g4 Bg6 21. f4 exf4 22. exf4 h6 23. f5 Bh7 24. Kf2 Qh4+ 25. Kg1 Qxh3 26. Qg2 Qh4 27. Nf3 Qe7 28. Rf1 Qe3+ 29. Kh1 Qxb3 30. g5 Bxf5 31. gxh6 g6 32. h7+ Kxh7 33. Qh2+ Kg7 34. Ng5 Rh8 35. Qxh8+ Rxh8+ 0-1

[Event "South America-ch U10 17th"]
[Site "Guayaquil"]
[Date "2022.01.26"]
[Round "3"]
[White "Reyes Zavaleta, Sergio Gabriel"]
[Black "Montevilla Cahuasa, Hector Sebastian"]
[Result "1-0"]
[WhiteElo "1035"]
[BlackElo "1203"]
[PlyCount "103"]
[EventDate "2022.01.25"]
[EventType "swiss"]
[EventRounds "9"]
[EventCountry "ECU"]
[SourceTitle "CBM 206 Extra"]
[Source "ChessBase"]
[SourceDate "2022.03.31"]
[SourceVersion "1"]
[SourceVersionDate "2022.03.31"]
[SourceQuality "1"]

1. d4 d5 2. Bf4 Bf5 3. e3 c6 4. Nf3 Nf6 5. c4 e6 6. Nbd2 Be7 7. Be2 Nbd7 8. h3 Rc8 9. Qb3 b6 10. 0-0 0-0 11. Bd3 Bg6 12. Qc2 c5 13. Bxg6 fxg6 14. b3 a6 15. Ng5 Rf7 16. Nxe6 Qe8 17. Nc7 Qd8 18. Nxa6 cxd4 19. exd4 Nh5 20. Bh2 Nf4 21. Bxf4 Rxf4 22. a3 Rxd4 23. Nb4 dxc4 24. bxc4 b5 25. Qa2 bxc4 26. Rac1 Nb6 27. Nf3 Rf4 28. Ne5 Bxb4 29. axb4 Qc7 30. Nd3 Rd4 31. Rfd1 Qf7 32. Ne5 Rxd1+ 33. Rxd1 Qf5 34. Nf3 Kh8 35. Qa6 Qe6 36. Qb7 h6 37. b5 c3 38. Rc1 c2 39. Ne5 Qxe5 40. Qxb6 Qb2 41. Qe3 Qxb5 42. Kh2 Qb4 43. g3 Qb2 44. Kg2 Qa2 45. Qe1 Qc4 46. Qd2 Kh7 47. Kh2 h5 48. h4 Qb3 49. Kg2 Qb1 50. Qe1 Qb5 51. Qd2 Qb3 52. Kh2 1-0